| 000 | 01522nam0a2200373 4500 | ||
|---|---|---|---|
| 001 | RU\NLR\bibl\1235116 | ||
| 005 | 20260405070058.0 | ||
| 010 |
_a978-5-902632-04-8 _9300 |
||
| 021 |
_aRU _b2008-27049 _91493 |
||
| 035 | _a(NLR Aleph) 001221360 | ||
| 090 |
_a140497 _c140497 |
||
| 100 | _a20080602d2008 |||y0rusy50 ca | ||
| 101 | 0 |
_arus _deng |
|
| 102 | _aRU | ||
| 105 | _aa ||||||||| | ||
| 200 | 1 |
_aКвантовая космология. Замедление времени. _dQuantum cosmology. Deceleration of time _zeng _fИ.Н. Таганов |
|
| 210 |
_aСанкт-Петербург _cТИН _d2008 |
||
| 215 |
_a158, [1] с. _cил. _d25 |
||
| 300 | _aВ вып. дан. авт.: д.ф.-м.н. Таганов И.Н. | ||
| 300 | _aРез. на англ. яз. | ||
| 320 | _aБиблиогр.: с. 148-151 (64 назв.) и в подстроч. примеч. | ||
| 510 | 0 |
_6z45790 _aQuantum cosmology. Deceleration of time _zeng |
|
| 517 | 0 | _aЗамедление времени | |
| 606 | 1 |
_aКвантовая космология _91289116 _3RU\NLR\auth\66532629 |
|
| 606 | 1 |
_aВремя _91193955 _3RU\NLR\auth\66164458 |
|
| 686 | _aВ632.93 | ||
| 686 | _aВ618 | ||
| 700 | 1 |
_4070 _8rus _7ca _aТаганов _bИ.Н. _f1938- _gИгорь Николаевич _3RU\NLR\auth\7723674 _96727 |
|
| 790 | 1 |
_4070 _8rus _7ba _aTaganov _bI. N. _f1938- _gIgor' Nikolaevič _3RU\NLR\auth\7723676 _96729 |
|
| 801 | 0 |
_aRU _bNLR _c20080602 _gRCR |
|
| 801 | 1 |
_aRU _bNLR _c20080602 |
|
| 942 | _cBOOK | ||
| 980 | _aNB | ||